LEADER 01191nam a2200277 i 4500 001 000000174276 003 CaOOAMICUS 005 20231213105954.0 008 080924s1999 it u000 u ita u 013 $a151744 020 $a88-10-40735-0 040 $aSeMil$bita 100 1 $aCrocetti, Giuseppe.$0(OLS)http://semarc/name/20146 245 10$aQuesto è il mio corpo e lo offro per voi :$bla donazione esistenziale e sacramentale di Gesù alla sua Chiesa /$cGiuseppe Crocetti. 260 $aBologna :$bEDB,$c1999. 300 $a294 p. ;$c21 cm. 490 0 $aStudi biblici ;$v34 650 4$aEucaristia - Studi.$0(OLS)http://semarc/subject/10646 830 0$aStudi biblici ;$v34.$0(OLS)http://semarc/title/438659 850 $aSeMil 852 $aSeMil$W1$xVenegono$y1$m2YA V 34$j263925$B125114$CSeMilBibl$Z2$F136514 $81 961 $aOmaggio: Altro 996 $6020$a88-10-40735-0$9(OLS)http://semarc/number/162136 996 $6245$aQuesto è il mio corpo e lo offro per voi :$bla donazione esistenziale e sacramentale di Gesù alla sua Chiesa$9(OLS)http://semarc/title/249747 996 $6260$aBologna :$bEDB$9(OLS)http://semarc/publisher/29669 LEADER 00871nam a2200217 4500 001 000000344277 003 CaOOAMICUS 005 20251217151655.0 008 210212s1957 it a 000 u ita r 040 $aSeMil$bita 245 00$aFior di pietà :$bmanuale di preghiere : rito ambrosiano. 264 1$aMilano :$bPaoline,$c1957. 300 $a205 p. :$bill. ;$c12 cm 650 4$aPreghiere - Manuali.$0(OLS)http://semarc/subject/49989 650 4$aRito ambrosiano.$0(OLS)http://semarc/subject/2295 850 $aSeMil 852 $aSeMil$W1$xVenegono$y1$m3K I 562$j224712$B235313$CSeMilBibl$Z2$F235313 $81 961 $aVailati don Giuseppe - Omaggio 996 $6245$aFior di pietà :$bmanuale di preghiere : rito ambrosiano$9(OLS)http://semarc/title/433370 996 $6264$aMilano :$bPaoline$9(OLS)http://semarc/publisher/29684